| 000 | 00705nam a2200181Ia 4500 | ||
|---|---|---|---|
| 008 | 100122s9999 xx 000 0 und d | ||
| 082 |
_b29370 _a922.945 |
||
| 100 | _aआळतेकर स ख | ||
| 245 | _aश्री समर्थ चरित्र (क. क्र. 25/4 ) | ||
| 250 | _a2 | ||
| 260 |
_bकॉटिनेंटल प्रकाशन _c1905 |
||
| 300 | _a480 | ||
| 520 | _aश्रीसमर्थ चरित्र | ||
| 620 | _aश्रीसमर्थ चरित्र | ||
| 630 | _aश्री समर्थ चरित्र (क. क्र. 25/4 ) | ||
| 730 | _aश्री समर्थ चरित्र (क. क्र. 25/4 ) | ||
| 942 | _cBOOK | ||
| 999 |
_c414713 _d414710 |
||